Homogenized milk: a review and guide

Guardat en:
Dades bibliogràfiques
Autor principal: Trout, Malcom (Autor)
Format: Llibre
Idioma:anglès
Publicat: East Lansing Michigan State College Press 1950
Matèries:
Etiquetes: Afegir etiqueta
Sense etiquetes, Sigues el primer a etiquetar aquest registre!

MARC

LEADER 00000nam a2200000 a 4500
001 UCR6662
003 CL-VaPUC
008 980423e19500000us |||||||||||||||||eng|d
082 0 4 |a 637.141  |b TRO  |2 21 
100 0 |a Trout, Malcom  |e author  |9 407634 
245 1 0 |a Homogenized milk: a review and guide 
300 |a 233 p 
942 |c BK 
945 |d 19980423 00:00:00  |a crobeson 
260 |a East Lansing  |b Michigan State College Press  |c 1950 
650 0 |a Leche  |9 259848 
650 0 |a Productos lácteos   |9 259521 
650 7 |a INDUSTRIA LECHERA  |2 CL-VaPUC  |9 259749 
650 0 |a Control de calidad   |9 259714 
583 |a last modification  |c 20171218 01:06:21  |k Rodrigo Vera 
999 |c 268611  |d 268609 
952 |0 0  |1 0  |4 0  |6 637_141000000000000_TRO_1950  |7 0  |8 A  |9 301826  |a BIBALI  |b BIBALI  |c GEN  |d 2019-11-20  |i 1981145  |o 637.141 TRO 1950  |p 1981145  |r 2025-01-20  |w 2019-11-20  |y BK  |k ALI